000 00660nam a2200217 a 4500
999 _c5597
_d5597
001 5597
003 BD-JhCC
005 20171218183639.0
008 171218s1985 ii ||||| |||| 00| 0 ben d
035 _a(BD-JhCC)5597
040 _aBD-JhCC
_dBD-JhCC
041 _aben
082 _a001
_bGUP 1985
100 _aগুপ্তা, ডাঃ সুনিতা
245 _aচিল্ড্রেন্স নলেজ ব্যাংক /
_c ডাঃ সুনিতা গুপ্তা
260 _aকলিকাতা :
_bPustak Mahal,
_c1985.
300 _a232 p. :
_c24 cm.
650 _aGeneral knowledge
942 _2ddc
_cBK